FONTRIER, Marc. — Abou-Bakr Ibrahim. Pacha de Zeyla. Marchand d’esclaves, commerce et diplomatie dans le golfe de Tadjoura 1840-1885. Paris, L’Harmattan-Aresae, Bibliothèque Peiresc 15, 2003, 275 p. (notice n° 1583511)

détails MARC
000 -LEADER
fixed length control field 00660cam a2200145 4500500
005 - DATE AND TIME OF LATEST TRANSACTION
control field 20251228052420.0
041 ## - LANGUAGE CODE
Language code of text/sound track or separate title fre
042 ## - AUTHENTICATION CODE
Authentication code dc
100 10 - MAIN ENTRY--PERSONAL NAME
Personal name Gascon, Alain
Relator term author
245 00 - TITLE STATEMENT
Title FONTRIER, Marc. — Abou-Bakr Ibrahim. Pacha de Zeyla. Marchand d’esclaves, commerce et diplomatie dans le golfe de Tadjoura 1840-1885. Paris, L’Harmattan-Aresae, Bibliothèque Peiresc 15, 2003, 275 p.
260 ## - PUBLICATION, DISTRIBUTION, ETC.
Date of publication, distribution, etc. 2005.<br/>
500 ## - GENERAL NOTE
General note 60
786 0# - DATA SOURCE ENTRY
Note Cahiers d'études africaines | 179-180 | 3 | 2005-10-01 | p. 1179d-1208d | 0008-0055
856 41 - ELECTRONIC LOCATION AND ACCESS
Uniform Resource Identifier <a href="https://shs.cairn.info/revue-cahiers-d-etudes-africaines-2005-3-page-1179d?lang=fr&redirect-ssocas=7080">https://shs.cairn.info/revue-cahiers-d-etudes-africaines-2005-3-page-1179d?lang=fr&redirect-ssocas=7080</a>

Pas d'exemplaire disponible.

PLUDOC

PLUDOC est la plateforme unique et centralisée de gestion des bibliothèques physiques et numériques de Guinée administré par le CEDUST. Elle est la plus grande base de données de ressources documentaires pour les Étudiants, Enseignants chercheurs et Chercheurs de Guinée.

Adresse

627 919 101/664 919 101

25 boulevard du commerce
Kaloum, Conakry, Guinée

Réseaux sociaux

Powered by Netsen Group @ 2025